00442nam a2200109Ia 4500008004100000050002300041100003000064245009700094260008600191300002800277521002700305140724s9999 xx 000 0 und d aT 58.6b.G643 2012 aGonzales, Eumir Ernest Q. aCustomer relationship management system for Vorrex Credit Corp. /cEumir Ernest Q. Gonzales. aLas Piñas, Philippines :bSouthville International School and Colleges,cc2012. a65 p. :bill. ;c28 cm. aInformation Technology